[Event "BL 2016-17"]
[Site "St. Veit/Glan"]
[Date "2017.03.23"]
[Round "5"]
[White "Halvax, Georg"]
[Black "Dornauer, Joachim"]
[Result "1-0"]
[WhiteElo "2429"]
[BlackElo "2181"]
[Annotator "ChessBase"]
[PlyCount "73"]
[EventDate "2017.??.??"]
[EventType "team-tourn"]
[EventCountry "AUT"]
[SourceTitle "playchess.com"]
[Source "ChessBase"]
[SourceQuality "1"]
[WhiteTeam "Maria Saal"]
[BlackTeam "St. Valentin"]
[TimeControl "40/5400+30:1800+30"]

1. e4 {[%emt 0:00:00]} c5 {[%emt 0:00:08]} 2. Nf3 {[%emt 0:00:00]} d6 {[%emt 0:00:09]} 3. d4 {[%emt 0:00:00]} cxd4 {[%emt 0:00:07]} 4. Nxd4 {[%emt 0:00:00]} Nf6 {[%emt 0:00:10]} 5. Nc3 {[%emt 0:00:02]} a6 {[%emt 0:00:11]} 6. Be3 {[%emt 0:00:07]} e5 {[%emt 0:00:15]} 7. Nb3 {[%emt 0:00:08]} Be7 {[%emt 0:00:16]} 8. Qd2 {[%emt 0:00:08]} Be6 {[%emt 0:00:56]} 9. O-O-O {[%emt 0:00:11]} O-O {[%emt 0:00:28]} 10. f4 {[%emt 0:00:14]} b5 {[%emt 0:06:51]} 11. f5 {[%emt 0:00:13]} Bc4 {[%emt 0:00:46]} 12. Kb1 {[%emt 0:00:08]} Nbd7 {[%emt 0:06:58]} 13. h3 {[%emt 0:03:34]} Nb6 {[%emt 0:10:36]} 14. g4 {[%emt 0:10:49]} Bxf1 {[%emt 0:12:16]} 15. Rhxf1 {[%emt 0:03:55]} b4 {[%emt 0:06:43]} 16. Nd5 {[%emt 0:04:42]} Nfxd5 {[%emt 0:00:57]} 17. exd5 {[%emt 0:00:08]} Nc4 {[%emt 0:01:41]} 18. Qd3 {[%emt 0:00:23]} Nxe3 {[%emt 0:01:53]} 19. Qxe3 {[%emt 0:00:07]} Bg5 {[%emt 0:00:08]} 20. Qe4 {[%emt 0:02:50]} a5 {[%emt 0:01:40]} 21. Nd2 {[%emt 0:00:42]} Bxd2 {[%emt 0:02:05]} 22. Rxd2 {[%emt 0:00:18]} f6 {[%emt 0:11:22]} 23. h4 {[%emt 0:00:33]} Rc8 {[%emt 0:00:33]} 24. Rg2 {[%emt 0:00:46]} Qc7 {[%emt 0:03:45]} 25. b3 {[%emt 0:05:08]} Qf7 {[%emt 0:11:56]} 26. g5 {[%emt 0:03:56]} Rc5 {[%emt 0:11:54]} 27. g6 {[%emt 0:08:45]} hxg6 {[%emt 0:02:09]} 28. Rxg6 {[%emt 0:01:37]} Qxd5 {[%emt 0:00:50]} 29. Qg4 {[%emt 0:00:45]} Rf7 {[%emt 0:00:31]} 30. Rd1 {[%emt 0:03:54]} Qc6 {[%emt 0:01:04]} 31. Rg1 {[%emt 0:00:01]} Qd7 {[%emt 0:00:38]} 32. h5 {[%emt 0:03:33]} Rc7 {[%emt 0:02:08]} 33. h6 {[%emt 0:02:08]} Qc6 {[%emt 0:00:40]} 34. Qe2 {[%emt 0:00:13]} d5 {[%emt 0:00:46]} 35. Qh2 {[%emt 0:00:18]} d4 {[%emt 0:01:03]} 36. hxg7 {[%emt 0:00:23]} Rxg7 {[%emt 0:00:33]} 37. Rh1 {[%emt 0:00:04]} 1-0

[Event "BL 2016-17"]
[Site "St. Veit/Glan"]
[Date "2017.03.23"]
[Round "5"]
[White "Koop, Thorben"]
[Black "Volkmann, Friedrich Karl"]
[Result "0-1"]
[WhiteElo "2400"]
[BlackElo "2402"]
[Annotator "TA"]
[PlyCount "96"]
[EventDate "2017.??.??"]
[EventType "team-tourn"]
[EventCountry "AUT"]
[SourceTitle "playchess.com"]
[Source "ChessBase"]
[SourceQuality "1"]
[WhiteTeam "St. Veit"]
[BlackTeam "Wulkaprodersdorf"]

{[%evp 8,96,-8,-5,-11,-16,-7,-18,-10,-10,-17,-15,-10,-26,-10,-40,-40,-43,-46,-41,-42,-45,-47,-52,-47,-55,-57,-48,-47,-76,-52,-54,-48,-39,-37,-43,-36,-35,-34,-60,-60,-60,-60,-66,-61,-76,-60,-67,-60,-87,-61,-66,-62,-78,-26,-31,-27,-105,-95,-93,-66,-66,-66,-112,-111,-320,-314,-280,-313,-398,-385,-391,-384,-380,-372,-356,0,-326,-287,-409,-391,-391,-372,-493,-462,-5081,-4134,-29982,-29983,-29983,-29984]} 1. d4 d5 2. Bf4 c5 3. e3 Nc6 4. Nc3 cxd4 5. exd4 Bf5 {B13: Caro-Kann: Exchange Variation and Panov-Botvinnik Attack} (5... a6 6. Nf3 Bg4 7. h3 Bxf3 8. Qxf3 e6 9. O-O-O Bd6 10. Kb1 Nge7 11. g4 Rc8 12. Qg3 Bxf4 13. Qxf4 {½-½ (55) Gupta,A (2645)-Mihok,O (2505) chess.com INT 2017}) 6. Nf3 e6 7. Bb5 Bd6 {The position is equal.} 8. Bxc6+ bxc6 9. Bxd6 Qxd6 10. O-O Nf6 11. Na4 $146 (11. Ng5 c5 12. dxc5 Qxc5 13. Na4 Qxc2 {1-0 (20) Albrizio,M-Kuhne,D ICCF corr 1994}) 11... Bg4 12. b3 Ne4 13. Qc1 Bxf3 $1 14. gxf3 Nf6 15. Qe3 Nd7 (15... O-O $5 {seems wilder.} 16. Nc5 Ne8 17. c3 Qe7 18. Qe5 Nd6) 16. Rac1 O-O 17. Rfe1 Rfc8 18. c4 dxc4 19. Rxc4 Nb6 20. Nxb6 axb6 21. a4 Ra5 22. Rec1 Rh5 23. f4 g6 24. Qe4 {[%cal Rc4c6]} Rd5 25. R1c3 Qd7 26. Kg2 Qb7 27. Qf3 h5 28. Qe4 Kh7 29. h3 Rc7 30. Kh2 Rcd7 (30... b5 $17 31. axb5 Qxb5) 31. Rxc6 $11 Rxd4 32. Qf3 (32. Qe3 $11) 32... Qb8 33. R6c4 Qd8 34. Rxd4 Rxd4 $15 {[%mdl 4096] Endgame KQR-KQR} 35. Re3 Qh4 36. Re4 $2 (36. Qg3 $17 {was necessary.} Qxf4 37. Qxf4 Rxf4 38. Kg3) 36... Rxe4 $19 37. Qxe4 Qxf2+ {KQ-KQ} 38. Kh1 Qg3 39. b4 Qxh3+ 40. Kg1 Qg3+ 41. Kh1 Qh3+ 42. Kg1 Qc3 43. Qb7 (43. b5 $142) 43... Qg3+ ({Not} 43... Qxb4 44. Qxf7+ Kh6 45. Qf6 Qc5+ 46. Kg2 Qc6+ 47. Kg3 $17) 44. Kh1 Qxf4 45. Qxb6 e5 46. Kg2 (46. Kg1 $142 Qg3+ 47. Kf1) 46... h4 {[%cal Bh5h4,Bh4h3][%mdl 32]} 47. Qf2 {[#]} h3+ $1 {[%mdl 512]} 48. Kg1 (48. Kxh3 Qxf2) 48... Qxf2+ 0-1

[Event "BL 2016-17"]
[Site "St. Veit/Glan"]
[Date "2017.03.23"]
[Round "5"]
[White "Kvetny, Mark"]
[Black "Dragnev, Valentin"]
[Result "0-1"]
[WhiteElo "2372"]
[BlackElo "2520"]
[Annotator "TA"]
[PlyCount "84"]
[EventDate "2017.??.??"]
[EventType "team-tourn"]
[EventCountry "AUT"]
[SourceTitle "playchess.com"]
[Source "ChessBase"]
[SourceQuality "1"]
[WhiteTeam "Götzis"]
[BlackTeam "Wien-SK Ottakring"]

{[%evp 11,84,0,0,0,0,-16,12,0,0,0,0,0,0,0,0,0,1,16,61,0,10,1,14,15,28,7,10,4,54,38,31,45,27,8,56,51,36,0,0,0,59,58,62,53,66,57,36,-273,-204,-232,-237,-229,-230,-235,-233,-229,-226,-233,-222,-187,0,-1592,-1576,-1576,-1574,-1557,-1557,-1280,0,-1203,-1075,-1045,-981,-1555,-1536]} 1. c4 Nf6 2. Nc3 e5 3. Nf3 Nc6 4. e3 Bb4 5. Qc2 Bxc3 6. bxc3 O-O 7. e4 {A28: English Opening: Four Knights Variation} d6 8. g3 Nd7 9. Bg2 {The position is equal.} Nc5 10. Nh4 (10. d4 exd4 11. Nxd4 (11. cxd4 Bg4 12. dxc5 Bxf3 13. Bxf3 Qf6 $17) 11... Ne5 $15) 10... Be6 (10... a6 11. O-O b5 12. d4 exd4 13. cxd4 Nxd4 14. Qd2 Nc6 15. e5 Bb7 16. exd6 Qxd6 17. Qxd6 cxd6 18. Nf5 {½-½ (18) Khairullin,I (2662)-Svidler,P (2739) Chita 2015}) 11. d3 Qd7 12. O-O Bh3 13. f4 exf4 $146 14. d4 Na6 {[%cal Bc5a6,Ba6b8,Bb8c6,Bc6a5,Ba5c4][%mdl 32]} 15. Bxf4 ({White should try} 15. Bxh3 $14 Qxh3 16. Bxf4) 15... Bxg2 $11 16. Qxg2 Ne7 17. Rae1 Rae8 18. g4 Nb8 19. Nf5 Nxf5 20. gxf5 {Threatens to win with f6.} f6 21. Kh1 Nc6 22. Re3 Rf7 23. Rg1 $1 Na5 24. h4 Nxc4 25. Rg3 $1 h5 (25... Kf8 $11) 26. Bh6 $14 {[%cal Rh6g7]} Ree7 27. Qe2 d5 28. e5 $1 {[%cal Re5e6]} (28. Qxh5 $2 dxe4 29. Kh2 (29. Bf4 $2 e3 30. Rg6 Qc6+ 31. Kh2 Nd2 $19) 29... e3 $19) 28... Qxf5 {[%cal Rf6e5]} 29. e6 $2 {[%mdl 8192]} (29. Qg2 $14 {is the one way to stay ahead.} Kh7 30. exf6 (30. Bxg7 Ne3 31. Rxe3 Rxg7 $15) (30. Rxg7+ $2 Rxg7 31. Bxg7 Ne3 $19) 30... gxf6 31. Bf8 $1 {[%mdl 512]}) 29... Rxe6 30. Rxg7+ Rxg7 31. Rxg7+ Kh8 32. Qg2 {Threatening mate with Rg8+.} Qe4 33. Qxe4 dxe4 ({Much less strong is} 33... Rxe4 34. Rxc7 Rxh4+ 35. Kg2 $17) 34. Rxc7 $19 {[%mdl 4096] Endgame [#] KRB-KRN} b5 $1 35. d5 e3 $2 ({Black should play} 35... Re8 $19 {And now ...e3 would win.} 36. Bg7+ Kg8) 36. dxe6 $4 {[%mdl 8192]} (36. Rxc4 $11 e2 37. Rc8+ Kh7 38. Bd2 e1=Q+ 39. Bxe1 Rxe1+ 40. Kg2) 36... e2 37. e7 e1=Q+ 38. Kg2 Qe2+ 39. Kg1 Qe1+ 40. Kg2 {Black must now prevent Rc8+.} Qe4+ {Black is clearly winning.} 41. Kf1 Nd6 42. Bg7+ Kg8 0-1

[Event "BL 2016-17"]
[Site "St. Veit/Glan"]
[Date "2017.03.23"]
[Round "5"]
[White "Lendwai, Reinhard"]
[Black "Rotstein, Arkadij"]
[Result "1/2-1/2"]
[WhiteElo "2367"]
[BlackElo "2502"]
[Annotator "TA"]
[PlyCount "104"]
[EventDate "2017.??.??"]
[EventType "team-tourn"]
[EventCountry "AUT"]
[SourceTitle "playchess.com"]
[Source "ChessBase"]
[SourceQuality "1"]
[WhiteTeam "Nickelsdorf"]
[BlackTeam "Absam"]

1. d4 d5 $146 (1... Nf6 2. Nf3 d6 3. Nc3 Nbd7 4. e4 e5 5. Bc4 Be7 6. O-O O-O 7. Re1 a6 8. a4 b6 9. Bg5 h6 10. Bxf6 Bxf6 11. Nd5 Bb7 12. Nxf6+ Qxf6 13. dxe5 Nxe5 14. Nxe5 Qxe5 15. c3 Rae8 16. Bd5 Bxd5 17. Qxd5 {½-½ (36) Aronian,L (2812)-Caruana,F (2782) Zuerich 2014}) 2. Nf3 Nf6 3. c4 dxc4 4. e3 Bg4 5. Bxc4 e6 6. Nbd2 Nc6 7. O-O Bd6 8. Be2 O-O 9. Nc4 Be7 10. b3 Nd5 11. Bb2 f5 12. h3 Bh5 13. Rc1 Qe8 14. a3 a5 15. Ncd2 Nd8 16. Re1 Nf7 17. Nc4 Bf6 18. Qd2 Nd6 19. Nxd6 cxd6 20. Qd3 Qd7 21. Qb5 Qe7 22. Rc2 Be8 23. Qd3 Bc6 24. Rec1 Qd7 25. Nd2 Ne7 26. Rc3 Rfc8 27. Bf3 Bxf3 28. Rxc8+ Rxc8 29. Rxc8+ Qxc8 30. Nxf3 Qc6 31. Nd2 b5 32. Nb1 Nd5 33. Nc3 Nc7 34. f3 b4 35. axb4 axb4 36. Ne2 d5 37. Bc1 Be7 38. Bd2 Kf7 39. Kf2 Bd6 40. g4 g6 41. Qb1 Nb5 42. Qd3 Na3 43. Nc1 Qc7 44. Kg2 h5 45. gxh5 gxh5 46. Ne2 Qc8 47. f4 Be7 48. Ng1 h4 49. Kf1 Ke8 50. Nf3 Qb7 51. Be1 Qc8 52. Bd2 Qb7 1/2-1/2

[Event "BL 2016-17"]
[Site "St. Veit/Glan"]
[Date "2017.03.23"]
[Round "5"]
[White "Baenziger, Fabian"]
[Black "Mira, Helene"]
[Result "1/2-1/2"]
[WhiteElo "2341"]
[BlackElo "2068"]
[Annotator "TA"]
[PlyCount "93"]
[EventDate "2017.??.??"]
[EventType "team-tourn"]
[EventCountry "AUT"]
[SourceTitle "playchess.com"]
[Source "ChessBase"]
[SourceQuality "1"]
[WhiteTeam "Hohenems"]
[BlackTeam "Bregenz"]

{[%evp 11,93,29,29,7,17,-21,-31,-28,-26,-4,27,29,29,29,38,-8,13,14,33,0,20,29,8,0,11,0,28,15,27,0,0,0,12,-33,128,123,226,175,343,214,273,279,272,262,257,154,127,133,241,142,110,105,100,91,218,143,204,202,183,183,157,124,101,96,191,172,162,152,239,254,295,270,601,218,589,500,314,55,55,55,60,60,65,61]} 1. d4 d6 2. Nf3 Nf6 3. g3 g6 4. Bg2 Bg7 5. O-O O-O 6. c4 Ne4 {LiveBook: 8 Games. E60: King's Indian: Unusual lines and Fianchetto Variation without Nc3} (6... Nbd7 7. Nc3 e5 8. e4 exd4 9. Nxd4 Re8 10. b3 Nc5 11. f3 c6 12. Be3 a6 13. Qd2 Nfd7 14. b4 Ne5 15. Qe2 Ne6 16. Rad1 Qc7 17. Rfe1 Rb8 18. h3 b5 19. cxb5 axb5 20. Nxe6 Bxe6 {0-1 (34) Jakovenko,D (2704)-Grischuk,A (2737) Doha 2016}) 7. Ne1 f5 8. Bxe4 $146 (8. f3 Nf6 9. Nd3 c6 10. Nc3 Qc7 11. d5 e5 {0-1 (60) Malikov,A (2071)-Piskunov,A (2314) Krasnoyarsk 2013}) 8... fxe4 {The position is equal.} 9. Nc3 c5 10. Be3 Be6 11. Nxe4 Bxc4 12. dxc5 d5 $1 {[%cal Rd5e4,Bd6d5,Bd5d4][%mdl 32]} (12... Bxb2 $6 13. Rb1 (13. cxd6 Bxa1 14. Qxa1 exd6 $14) 13... d5 14. Rxb2 $16) 13. Ng5 {Threatens to win with Ne6.} d4 14. Bd2 Qd5 15. f3 Qxc5 16. Nd3 Qb6 17. Qc2 Bd5 18. Kg2 Kh8 19. Nf4 $36 {[%mdl 2048] White has the initiative.} Bg8 20. Qe4 e5 21. Nd3 Nc6 22. h4 {[%cal Bh2h4,Bh4h5][%mdl 32]} Qc7 $2 {[#]} (22... Ne7 $1 $15) 23. h5 $1 {[%mdl 512] And now Nxh7! would win.} Ne7 (23... Qd6 $16) (23... gxh5 24. Rh1) 24. Rac1 Qd6 $2 (24... Qb6 25. hxg6 (25. Nxe5 Bd5 26. Nd7 Bxe4 $16) 25... Qxg6) 25. Rh1 (25. Qxb7 Rfb8 26. Qc7 Qxc7 27. Rxc7 Nd5 28. Nf7+ Bxf7 29. Rxf7 gxh5 $16) 25... Bd5 26. Qg4 $1 (26. Bb4 $6 Qb6 27. Qg4 Nf5 $16) 26... h6 27. Bb4 Qf6 28. Bxe7 ({Less strong is} 28. Rc7 Nf5 29. Bd2 (29. Bxf8 Ne3+ 30. Kg1 Nxg4 31. Bxg7+ Qxg7 32. Rxg7 Kxg7 $15) 29... Qd6 $14) (28. hxg6 $18 {Strongly threatening Nh7.} Nf5 29. Qh5) 28... Qxe7 $16 29. hxg6 Kg8 {[#]} (29... Bxa2 $16 30. Ra1 (30. Ne4 b6 31. Qh5 Rac8 $16) 30... Bd5) 30. Ne4 (30. Nf7 $1 $18 {[%cal Rf7h6][%mdl 512]} Bxf7 31. gxf7+ Qxf7 32. Rxh6) 30... Bxa2 31. Qh4 Qxh4 32. gxh4 Rfc8 (32... h5 $16) 33. Nd6 Rc6 (33... Rd8 $16) 34. Rxc6 $18 bxc6 35. Ra1 Bd5 36. b4 Bf8 37. Ne4 Bxe4 (37... Kg7 $16 {might work better.}) 38. fxe4 $16 {[%mdl 4096] Endgame KRB-KRN} h5 39. Ra6 Rb8 (39... Bd6 $16 {keeps fighting.} 40. Rxc6 Rd8) 40. Rxa7 $18 ({Resist} 40. Nxe5 $6 Re8) 40... Bxb4 41. Nxe5 {aiming for Nd7.} Rc8 $2 (41... Re8) 42. Rb7 $2 (42. Nd7 {Threatening mate with Nf6+.} Be7 43. e5) 42... Bf8 $2 (42... Bd6 {is more resistant.}) 43. Kf3 c5 {[#]} 44. Nc4 $2 (44. Nd7 $1 $18 {[%cal Rd7f6] Nf6+ would kill now.} Be7 45. e5) 44... Rc6 $14 {White is slightly better.} 45. e5 {Nb6 is the strong threat.} Rxg6 46. Ra7 Rg7 47. Ra8 1/2-1/2

[Event "BL 2016-17"]
[Site "St. Veit/Glan"]
[Date "2017.03.23"]
[Round "5"]
[White "Repkova, Eva"]
[Black "Baldauf, Marco"]
[Result "1/2-1/2"]
[WhiteElo "2328"]
[BlackElo "2439"]
[Annotator "TA"]
[PlyCount "67"]
[EventDate "2017.??.??"]
[EventType "team-tourn"]
[EventCountry "AUT"]
[SourceTitle "playchess.com"]
[Source "ChessBase"]
[SourceQuality "1"]
[WhiteTeam "Bregenz"]
[BlackTeam "Hohenems"]

{[%evp 13,67,0,0,0,0,0,0,0,-7,-12,-2,-45,-40,-91,-103,-106,-97,-126,-119,-138,-141,-172,-34,-56,-72,-150,-97,-109,-112,-108,-8,-8,-8,-8,-7,-7,-27,-25,-25,-33,-22,-12,0,0,4,10,11,0,0,0,0,0,0,0,0,0]} 1. e4 c5 2. Nf3 d6 3. Bc4 Nf6 4. d3 Nc6 5. c3 Bg4 6. Bb3 {B50: Sicilian: 2...d6, Miscellaneous} (6. h3 Bh5 7. Nbd2 e6 8. Bb3 Be7 9. Nf1 d5 10. exd5 Nxd5 11. Ng3 Bg6 12. O-O O-O 13. d4 cxd4 14. Nxd4 Nxd4 15. Qxd4 {1-0 (49) Safarli,E (2657)-Sebenik,M (2528) Reykjavik 2015}) 6... e6 7. h3 Bh5 {LiveBook: 3 Games} 8. Bg5 h6 9. Bh4 $146 (9. Bf4 Be7 10. Nbd2 O-O 11. O-O Qb6 12. Nc4 Qc7 13. g4 {0-1 (48) Orlov,V (2117)-Malashenkov,A (2328) LSS email 2013}) 9... Be7 10. Nbd2 O-O 11. Qe2 d5 12. g4 {Hoping for Bxf6.} Bg6 13. e5 ({Better is} 13. Ba4 $15) 13... Nd7 $36 {[%mdl 2048] Black is really pushing.} 14. Bxe7 Qxe7 15. h4 b5 16. h5 Bh7 17. g5 c4 (17... hxg5 $19 {Threatens to win with ...g4.} 18. Rg1 Bf5 19. Rxg5 Ndxe5 $1 {[%mdl 512]}) 18. dxc4 $15 dxc4 {[#]} (18... bxc4 $6 19. Ba4 Rfc8 20. gxh6 $11) 19. g6 $1 {[%mdl 512]} (19. gxh6 $142 cxb3 20. Rg1) 19... Bxg6 ({Worse is} 19... cxb3 20. gxh7+ Kh8 21. Qxb5 $14 (21. axb3 b4 $14) (21. Nxb3 b4 $11)) ({Black should play} 19... fxg6 20. Bc2 Qf7) (19... fxg6 20. Bc2) 20. hxg6 cxb3 21. Qxb5 {[#]} Qc5 (21... Rac8 $1 $17 {Strongly threatening ...bxa2.} 22. axb3 fxg6) 22. gxf7+ Rxf7 23. Qxc5 Nxc5 24. axb3 Nxb3 25. Nxb3 {And now Nbd4 would win.} Rxf3 26. Ra6 Nxe5 {...Raf8 is the strong threat.} 27. Rxe6 {The position is equal.} Nd3+ 28. Ke2 Nf4+ ({Not} 28... Nxf2 $2 29. Kxf3 Nxh1 30. Re2 $16) 29. Kxf3 Nxe6 30. Nd4 Nxd4+ 31. cxd4 Rb8 32. Ra1 Rb3+ 33. Kg2 Rxb2 34. Rxa7 1/2-1/2

[Event "BL 2016-17"]
[Site "St. Veit/Glan"]
[Date "2017.03.23"]
[Round "5"]
[White "Wallner, Joachim"]
[Black "Hoelzl, Franz"]
[Result "1/2-1/2"]
[WhiteElo "2322"]
[BlackElo "2318"]
[Annotator "TA"]
[PlyCount "76"]
[EventDate "2017.??.??"]
[EventType "team-tourn"]
[EventCountry "AUT"]
[SourceTitle "playchess.com"]
[Source "ChessBase"]
[SourceQuality "1"]
[WhiteTeam "Wulkaprodersdorf"]
[BlackTeam "St. Veit"]

{[%evp 7,76,11,11,11,5,13,16,19,28,23,32,27,38,-35,-45,-44,-35,-37,-43,-52,-10,-81,-81,-73,-72,-77,-50,-56,-50,-90,-77,-83,-69,-82,-54,-55,-65,-72,-64,-68,-65,-107,-112,-124,-125,-209,-215,-324,-310,-321,-320,-317,-297,-305,-153,-113,-158,-135,-69,-78,0,-215,0,0,0,0,0,0,0,0,0]} 1. b3 e5 2. Bb2 Nc6 3. e3 g6 4. Nf3 Bg7 5. c4 {A01: Nimzowitsch-Larsen Opening} d6 6. Be2 Nh6 (6... f5 7. h4 h6 8. Nc3 Nf6 9. d4 e4 10. Ng1 Ne7 11. d5 c5 12. Nh3 O-O {½-½ (39) Rapport,R (2702)-Van Wely,L (2695) Wijk aan Zee 2017}) 7. d4 e4 $146 (7... f5 8. O-O e4 9. Nfd2 O-O 10. Nc3 Re8 11. a3 Bd7 12. b4 {1-0 (27) Kaenel,H (2384)-Franz,K (2235) Zuerich 1998}) 8. Nfd2 f5 9. Nc3 O-O 10. d5 (10. h4 $14) 10... Ne5 $15 11. Qc2 c5 12. h3 a6 13. O-O-O Bd7 14. f4 (14. a4 $11) 14... exf3 $1 $17 15. gxf3 f4 16. e4 Bf6 17. Rdg1 Bh4 18. Nd1 Qe7 19. Rg2 Nhf7 20. Nf2 Bxf2 21. Rxf2 Qh4 22. Rg2 b5 23. Qd1 b4 24. Nf1 a5 25. Nh2 h5 ({Stronger than} 25... Qxh3 26. Qg1 Qh6 27. Ng4 $14) 26. Qg1 {[#]} (26. Rhg1 $17 Kh7 27. Rh1) 26... Qf6 $1 $19 27. h4 (27. Kb1 {might work better.}) 27... Bh3 28. Rf2 a4 (28... Qxh4 29. Kb1 $17) 29. Kb1 axb3 (29... Qxh4 30. Bf1 $11) 30. axb3 Kh7 (30... Qxh4 31. Bf1 $11) (30... Ra6 $19 31. Bf1 Bxf1 32. Nxf1 Qe7) 31. Ng4 $17 hxg4 32. fxg4 f3 ({Black should try} 32... Qxh4 $17 {And now ...Ng5 would win.} 33. Rxh3 Qxh3) 33. Rxh3 $15 {[%cal Re2f3,Bh1h3,Bh3f3,Bf3f8][%mdl 32] [#]} Qf4 (33... Qe7 $1 $17 34. Bxf3 Nxf3 35. Rhxf3 Qxe4+ 36. Kc1 Ne5 37. Rxf8 Qe3+ 38. Kb1 Qd3+ 39. Kc1 Qe3+ 40. Kb1 Qd3+ 41. Kc1 Qe3+) 34. Bxf3 $2 (34. Bd1 $1 $11) 34... Nxf3 $2 (34... Nd3 $19 35. Rc2 (35. h5 $2 Nfe5 36. Rc2 Nxf3 $19) 35... Nfe5) 35. Rhxf3 {The position is equal.} Qxe4+ 36. Kc1 Ne5 $1 {[%cal Re5f3]} 37. Rxf8 {Intending R2f7+! and mate.} Qe3+ 38. Kb1 {White threatens R2f7+! and mate.} Qd3+ 1/2-1/2

[Event "BL 2016-17"]
[Site "St. Veit/Glan"]
[Date "2017.03.23"]
[Round "5"]
[White "Tuncer, Ufuk"]
[Black "Atlas, Valery"]
[Result "0-1"]
[WhiteElo "2317"]
[BlackElo "2432"]
[Annotator "TA"]
[PlyCount "66"]
[EventDate "2017.??.??"]
[EventType "team-tourn"]
[EventCountry "AUT"]
[SourceTitle "playchess.com"]
[Source "ChessBase"]
[SourceQuality "1"]
[WhiteTeam "Bregenz"]
[BlackTeam "Hohenems"]

{[%evp 15,66,35,43,52,28,0,29,0,0,19,29,20,34,1,31,-24,-39,-37,-40,-49,-56,-32,-14,-4,0,-85,-75,-107,-114,-121,-87,-179,-71,-192,-198,-175,-190,-292,-291,-244,-227,-501,-489,-652,-651,-652,-621,-728,-689,-710,-713,-662,-538]} 1. e4 c5 2. Nf3 e6 3. d4 cxd4 4. Nxd4 Nf6 5. Nc3 d6 6. g4 h6 7. Be3 Nc6 8. Rg1 Be7 9. h3 {B81: Sicilian Scheveningen: Keres Attack} (9. Qf3 Nxd4 10. Bxd4 e5 11. Be3 Be6 12. h4 Nh7 13. g5 hxg5 14. Bh3 Bxh3 15. Qxh3 Nf8 16. h5 Qd7 {1-0 (46) Ni,H (2704)-Xu,Y (2443) China 2015}) 9... a6 10. Bg2 $146 (10. Qd2 Nxd4 11. Bxd4 b5 12. Bg2 e5 13. Be3 b4 14. Nd5 Nxd5 15. exd5 a5 16. Be4 Bg5 {0-1 (37) Rijnaarts,S (2292)-Van den Doel,E (2587) Dieren 2007}) 10... g5 11. Qe2 {White has an edge.} Ne5 12. O-O-O Qc7 13. Kb1 b5 14. a3 Rb8 15. Bc1 (15. Na2 $14) 15... b4 $11 16. axb4 Rxb4 17. Na2 Rb6 18. h4 Rg8 19. hxg5 hxg5 20. Bh1 (20. f3 $11 {keeps the balance.}) 20... a5 $36 {[%mdl 2048] White is under strong pressure.} 21. Rg3 Ba6 22. Qe1 {[#]} Nfd7 $1 ({Don't play} 22... Nfxg4 $6 23. Qg1 $11) 23. Rc3 (23. Bf3 $17) 23... Qb8 (23... Nc4 $19 {...Qb7 is the strong threat.} 24. Bg2 Bf6) 24. Rb3 {[#]} (24. Bf3 $17 {was called for.}) 24... Nc5 $1 $19 {[%cal Rc5b3]} ({Weaker is} 24... Nxg4 25. Nc6 Qb7 26. Nxa5 $15) 25. Rxb6 Qxb6 26. f3 (26. Bg2 $142) 26... Bf6 27. Bg2 Ned3 28. cxd3 $2 (28. Qc3 Na4 29. Qb3 Qxd4 30. e5) 28... Bxd4 {Black is clearly winning.} (28... Bxd3+ $2 29. Nc2 Qb3 30. Rxd3 Nxd3 31. Qxa5 Nxc1 32. Kxc1 Qxb2+ 33. Kd1 $19) 29. Bf1 Kd7 30. Rd2 Rb8 31. Qd1 Nb3 32. Rc2 a4 33. Bd2 {[#]} Na1 $1 {[%mdl 512]} 0-1